Liczby pierwsze do 100 - Statystyki

Ogólne statystyki
  • Ten quiz został rozwiązany 136 razy
  • Średni wynik to 14 z 25
Statystyki odpowiedzi
Odpowiedź % Poprawnych
3
100%
5
100%
7
100%
2
100%
11
97%
13
96%
23
94%
19
94%
17
93%
29
82%
37
72%
31
71%
41
50%
47
50%
43
49%
53
24%
59
18%
67
18%
61
17%
71
13%
89
10%
97
10%
73
8%
79
7%
83
7%
Nie znaleziono quizów pasujących do podanych kryteriów
Rozkład punktacji
Procent ludzi z każdym wynikiem
Percentyl według liczby udzielonych odpowiedzi
Twoja historia wyników
Nie rozwiązałeś tego quizu